Statystyki dla Białas Dyskografia

Kliknij tutaj aby rozwiązać quiz!

Ogólne statystyki

  • Ten quiz został rozwiązany 17 razy
    (16 od ostatniego zresetowania)
  • Średni wynik to 18 z 37

Statystyki odpowiedzi

Wykonawca & RokPłyta% Poprawnych
Białas x White (2021)Diamentowy Las
100%
Białas (2020)H8
100%
Białas (2016)H8M4
100%
Białas (2023)Newcomer
92%
Białas & Lanek (2017)POLON
92%
Białas (2020)H8M5
83%
Białas & Lanek (2018)Hyper2000
83%
Białas & Lanek (2017)In Hajs We Trust
83%
Solar/Białas (2011)Z ostatniej ławki LP
83%
Białas (2023)Głowa rodziny
75%
Białas & Lanek (2018)In Hajs We Trust 2
75%
Białas (2008)H8ME Mixtape vol. 3
67%
Białas & Lanek (2022)In Hajs We Trust 3: Ostateczne rozliczenie
67%
Białas (2021)Murem za Bonusem
58%
Solar/Białas (2016)#nowanormalnosc
58%
Białas (2015)Rehab
58%
Białas x Quebonafide (2015)Demówka EP
50%
Białas (2007)H8ME Mixtape vol. 2
50%
Białas (2020)ME
50%
Białas/Kazzam (2010)Zakazane Owoce EP
50%
Solar/Białas (2011)Z oślej ławki Mixtape
50%
Białas (2006)H8ME Mixtape vol. 1
42%
Solar/Białas (2013)Stage Diving
42%
Solar/Białas (2015)Iskry i Klik Klaki
33%
Białas/King Tomb (2015)BOOKING Mixtape
25%
Białas & Lanek (2017)prePOLON
25%
Białas (2004)Tętno EP
25%
Białas (2008)Love Me Mixtape
17%
Białas/MMX (2011)Miej Wiarę EP
17%
Solar/Białas (2009)Na Czczo Mixtape
17%
Białas (2009)Nie jestem w 4mie Mixtape
17%
Solar/Białas (2017)PersEPktywa
17%
Białas (2016)Piona (Bootleg)
17%
Solar/Białas (2010)Burza Po Ciszy Mixtape
8%
Białas (2008)Kiedyś i Teraz Człowieku Mixtape
8%
Solar/Białas (2012)ToNiePolskeYess Mixtape
8%
Solar/Białas (2011)Odliczanie Mixtape
0%

Rozkład punktacji

Percentyl według liczby udzielonych odpowiedzi

Procent ludzi z każdym wynikiem

Twoja historia wyników

Nie rozwiązałeś tego quizu od ostatniego zresetowania